| 000 | 00677nam a2200229 4500 | ||
|---|---|---|---|
| 003 | MX-MxINE | ||
| 005 | 20260530115318.0 | ||
| 008 | 260508b1989 jp |a||| |||| 00| 0 eng d | ||
| 020 | _a4766105125 | ||
| 040 |
_aICI _bspa _cICI _erda |
||
| 041 |
_aeng _ajpn |
||
| 050 |
_aNA6218 _bS46 |
||
| 100 | 1 |
_aNomura, _eSupervisión _934076 |
|
| 245 |
_aShop designing / _cSupervised by nomura |
||
| 264 |
_aTokyo, japan : _b Graphic-sha, _c c1989 |
||
| 300 |
_a215 páginas: _bilustraciones |
||
| 336 |
_2rdacontent _atexto |
||
| 337 |
_2rdamedia _asin medio |
||
| 338 |
_2rdacarrier _avolumen |
||
| 650 | 4 |
_a Centros comerciales _xDiseño y construcción _934077 |
|
| 942 |
_2lcc _n1 _cBK |
||
| 999 |
_c13684 _d13684 |
||